<?xml version="1.0" encoding="UTF-8"?>
<record
    xmlns:xsi="http://www.w3.org/2001/XMLSchema-instance"
    xsi:schemaLocation="http://www.loc.gov/MARC21/slim http://www.loc.gov/standards/marcxml/schema/MARC21slim.xsd"
    xmlns="http://www.loc.gov/MARC21/slim">

  <leader>01084nam a2200277Ia 4500</leader>
  <controlfield tag="008">240430s2024    sp            000 0 spa d</controlfield>
  <datafield tag="041" ind1=" " ind2=" ">
    <subfield code="a">spa</subfield>
  </datafield>
  <datafield tag="245" ind1="0" ind2="1">
    <subfield code="a">&#xBF;Qu&#xE9; se est&#xE1; haciendo para mejora la salud mental de la poblaci&#xF3;n trabajadora?</subfield>
    <subfield code="b">: 28 de abril, D&#xED;a Mundial de la seguridad y la salud en el trabajo</subfield>
  </datafield>
  <datafield tag="260" ind1=" " ind2=" ">
    <subfield code="a">[Las Palmas de Gran Canaria] :</subfield>
    <subfield code="b">Comisiones Obreras de Canarias,</subfield>
    <subfield code="c">2024</subfield>
  </datafield>
  <datafield tag="300" ind1=" " ind2=" ">
    <subfield code="a">2 p.  ;</subfield>
    <subfield code="c">30 cm</subfield>
  </datafield>
  <datafield tag="500" ind1=" " ind2=" ">
    <subfield code="a">En: Tierra Canaria (especial 1M 2024), p. 18-19</subfield>
  </datafield>
  <datafield tag="650" ind1=" " ind2=" ">
    <subfield code="a">DIA MUNDIAL DE LA SEGURIDAD Y SALUD EN EL TRABAJO</subfield>
    <subfield code="9">39765</subfield>
  </datafield>
  <datafield tag="650" ind1=" " ind2="0">
    <subfield code="a">SALUD EN EL TRABAJO</subfield>
    <subfield code="9">155</subfield>
  </datafield>
  <datafield tag="650" ind1=" " ind2="0">
    <subfield code="a">SEGURIDAD EN EL TRABAJO</subfield>
    <subfield code="9">492</subfield>
  </datafield>
  <datafield tag="650" ind1=" " ind2="0">
    <subfield code="a">SALUD MENTAL</subfield>
    <subfield code="9">5301</subfield>
  </datafield>
  <datafield tag="650" ind1=" " ind2="0">
    <subfield code="a">RIESGO</subfield>
    <subfield code="9">1825</subfield>
  </datafield>
  <datafield tag="650" ind1=" " ind2="0">
    <subfield code="a">ORGANIZACION DEL TRABAJO</subfield>
    <subfield code="9">129</subfield>
  </datafield>
  <datafield tag="650" ind1=" " ind2="0">
    <subfield code="a">PREVENCION</subfield>
    <subfield code="9">4589</subfield>
  </datafield>
  <datafield tag="650" ind1=" " ind2="0">
    <subfield code="a">COMUNIDADES AUTONOMAS</subfield>
    <subfield code="9">344</subfield>
  </datafield>
  <datafield tag="650" ind1=" " ind2="0">
    <subfield code="a">ISLAS CANARIAS</subfield>
    <subfield code="9">6781</subfield>
  </datafield>
  <datafield tag="650" ind1=" " ind2="0">
    <subfield code="a">ACTITUD SINDICAL</subfield>
    <subfield code="9">61</subfield>
  </datafield>
  <datafield tag="710" ind1="2" ind2=" ">
    <subfield code="a">CCOO</subfield>
    <subfield code="b">Canarias,</subfield>
    <subfield code="e">ed.</subfield>
    <subfield code="9">6776</subfield>
  </datafield>
  <datafield tag="856" ind1=" " ind2=" ">
    <subfield code="z">PDF</subfield>
    <subfield code="u">https://docpublicos.ccoo.es/cendoc/067944DiaMundialSalud.pdf</subfield>
  </datafield>
  <datafield tag="907" ind1=" " ind2=" ">
    <subfield code="a">28 de Abril</subfield>
  </datafield>
  <datafield tag="942" ind1=" " ind2=" ">
    <subfield code="c">DOCU_ELEC</subfield>
    <subfield code="2">ddc</subfield>
    <subfield code="n">0</subfield>
  </datafield>
  <datafield tag="999" ind1=" " ind2=" ">
    <subfield code="c">59422</subfield>
    <subfield code="d">59422</subfield>
  </datafield>
  <datafield tag="952" ind1=" " ind2=" ">
    <subfield code="0">0</subfield>
    <subfield code="1">0</subfield>
    <subfield code="2">ddc</subfield>
    <subfield code="4">0</subfield>
    <subfield code="7">0</subfield>
    <subfield code="a">CENDO</subfield>
    <subfield code="b">CENDO</subfield>
    <subfield code="d">2024-04-30</subfield>
    <subfield code="h">Tierra Canaria (especial 1M 2024), p. 18-19</subfield>
    <subfield code="i">067944</subfield>
    <subfield code="l">0</subfield>
    <subfield code="p">2024-0697</subfield>
    <subfield code="r">2024-04-30 00:00:00</subfield>
    <subfield code="t">PS142</subfield>
    <subfield code="w">2024-04-30</subfield>
    <subfield code="y">DOCU_ELEC</subfield>
  </datafield>
</record>
